000 00442nam a2200121 i 4500
001 bg
245 0 _aMetodyka prowadzenia egzaminów, zaliczeń i seminarium dyplomowego na kierunkach: budowlanych, inżynierii sanitarnej i geodezji wyższych studiów technicznych dla pracujących... :
_bGrzybów 29-31 marca 1974.
260 _aGliwice,
_c1975.
040 _cBPK
041 _apol
942 _cKS
008 s pl f |000 0 pol
999 _c15850
_d15850
856 _uhttp://koha.tu.koszalin.pl/cgi-bin/koha/opac-detail.pl?biblionumber=15850
_yKatalog online BPK